000 00675cam a22002293a 4500
001 30916
003 PGUSA
005 20140828083652.0
008 100110s2010||||xxu|||||s|||||000 | eng d
040 _aPGUSA
_beng
042 _adc
050 4 _aQH
100 1 _aBaker, Rollin H.
_q(Rollin Harold),
_d1916-2007
245 1 2 _aA New Long-eared Myotis (Myotis evotis) From Northeastern Mexico
_h[electronic resource] /
_cRollin H. Baker
260 _bProject Gutenberg,
_c2010
506 _aPublic domain in the USA.
516 _aElectronic text
653 _aBats
830 0 _aProject Gutenberg
_v30916
856 4 0 _uhttp://www.gutenberg.org/ebooks/30916
942 _cEB
999 _c260171
_d260171